आदिवासी समाज और शिक्षा (Record no. 372403)

MARC details
000 -LEADER
fixed length control field 00856nam a2200253Ia 4500
003 - CONTROL NUMBER IDENTIFIER
control field OSt
005 - DATE AND TIME OF LATEST TRANSACTION
control field 20220923224609.0
008 - FIXED-LENGTH DATA ELEMENTS--GENERAL INFORMATION
fixed length control field 220922b |||||||| |||| 00| 0 hin d
037 ## - SOURCE OF ACQUISITION
Terms of availability Textual
040 ## - CATALOGING SOURCE
Original cataloging agency ARTS
Transcribing agency ARTS
Language of cataloging hin
041 ## - LANGUAGE CODE
Source of code hin
Language code of text/sound track or separate title hin
100 ## - MAIN ENTRY--PERSONAL NAME
Personal name जोशी, रामशरण
9 (RLIN) 156291
245 #0 - TITLE STATEMENT
Title आदिवासी समाज और शिक्षा
246 ## - VARYING FORM OF TITLE
Title proper/short title Ādivāsī samāj aur shikṣhā
260 ## - PUBLICATION, DISTRIBUTION, ETC.
Place of publication, distribution, etc. नई दिल्ली
Name of publisher, distributor, etc. ग्रंथ शिल्पी
Date of publication, distribution, etc. 2007
300 ## - PHYSICAL DESCRIPTION
Extent 182पृ.
Dimensions cm.
942 ## - ADDED ENTRY ELEMENTS (KOHA)
Classification part T9(Y72).2, 152P7
Koha item type Textual
Source of classification or shelving scheme Colon Classification (CC)
Holdings
Withdrawn status Lost status Damaged status Not for loan Home library Current library Date acquired Source of acquisition Cost, normal purchase price Total Checkouts Full call number Barcode Date last seen Cost, replacement price Price effective from Koha item type
        Arts Library Arts Library 2022-09-23 368, 11/02/2011, Swaraj Prakashan 225.00   T9(Y72).2 152P7 AL1296429 2022-09-23 225.00 2022-09-23 Textual
Copyright @ Delhi University Library System